000
00209 a2200097 4500
001
47997
100
_a
Al-Mashriqi
245
_a
Tazkira
260
_a
Lahore
_b
Al-Tazkira Publication
_c
090
_c
30987
_d
30987
942
_a
NUST-CAE
_c
M
_c
23321
999
_c
283070
_d
283070